| 000 | 00427nam a2200145 i 4500 | ||
|---|---|---|---|
| 001 | 24292 | ||
| 003 | ES-MaACL | ||
| 005 | 20230906153024.0 | ||
| 007 | t| | ||
| 008 | 021217s1900 sp ||||1| spa d | ||
| 100 | 1 |
_aAntich e Izaguirre, Francisco. _921894 |
|
| 245 | 1 | 4 |
_aLos periódicos mercolanceros / _cFrancisco Antich e Aguirre. |
| 260 |
_aPalma : _b[s.n., _c1900] ( _fTip. Católica Balear) |
||
| 852 |
_aES-MaACL _jT-1010-F-2 |
||
| 999 |
_c24292 _d24292 |
||